000 00652nam a22002297a 4500
003 UA-OsUOA
001 87009
007 ta
008 20120913b un ||||| |||| 00| 0 ukr d
100 _aЭйдлин Л.
090 _a82.09(510)
_bЭ30
942 _cBK
040 _aUA-OsUOA
_brus
_cUA-OsUOA
_dUA-OsUOA
245 _aТао Юань-Мин и его стихотворения
300 _a493 с.
955 _a1
041 _arus
080 _a82.09(510)
260 _aМ.
_bГлавред восточной литературы
_c1967
650 7 _a82 Література. Літературознавство
_2UDC
999 _c373226
_d373226